| 000 -LEADER | |
|---|---|
| fixed length control field | 00391nam a22001697a 4500 |
| 005 - DATE AND TIME OF LATEST TRANSACTION | |
| control field | 20260512114214.0 |
| 008 - FIXED-LENGTH DATA ELEMENTS--GENERAL INFORMATION | |
| fixed length control field | 160629b xxu||||| |||| 00| 0 eng d |
| 020 ## - INTERNATIONAL STANDARD BOOK NUMBER | |
| ISBN | 81-85749-59-O |
| 041 ## - LANGUAGE CODE | |
| Language code of text/sound track or separate title | eng |
| 082 ## - DEWEY DECIMAL CLASSIFICATION NUMBER | |
| Classification number | 658.5 |
| 100 ## - MAIN ENTRY--AUTHOR NAME | |
| Personal name | Verma, A.P & Mohan.N |
| 245 ## - TITLE STATEMENT | |
| Title | Industrial Management |
| 260 ## - PUBLICATION, DISTRIBUTION, ETC. (IMPRINT) | |
| Name of publisher | Katson |
| Year of publication | 2011 |
| 300 ## - PHYSICAL DESCRIPTION | |
| Number of Pages | 379 |
| 650 ## - SUBJECT ADDED ENTRY--TOPICAL TERM | |
| Topical Term | Diploma Engineering |
| 942 ## - ADDED ENTRY ELEMENTS (KOHA) | |
| Koha item type | Books |
| Lost status | Damaged status | Collection code | Home library | Current library | Shelving location | Date acquired | Cost, normal purchase price | Full call number | Accession Number | Koha item type |
|---|---|---|---|---|---|---|---|---|---|---|
| MANAGEMENT | JRU Library | JRU Library | SHELF-70 C | 29/06/2016 | 185.00 | 658.5 | 11951 | Books | ||
| MANAGEMENT | JRU Library | JRU Library | SHELF-76-J | 29/06/2016 | 185.00 | 658.5 | 11952 | Books | ||
| MANAGEMENT | JRU Library | JRU Library | SHELF-70 B | 29/06/2016 | 185.00 | 658.5 | 11953 | Books | ||
| MANAGEMENT | JRU Library | JRU Library | SHELF-70 H | 29/06/2016 | 185.00 | 658.5 | 11954 | Books | ||
| JRU Library | SHELF-76-I | 29/06/2016 | 185.00 | 658.5 | 11955 | Books | ||||
| MANAGEMENT | JRU Library | JRU Library | SHELF-70 C | 29/06/2016 | 185.00 | 658.5 | 11956 | Books | ||
| JRU Library | 29/06/2016 | 185.00 | 658.5 | 11957 | Books | |||||
| MANAGEMENT | JRU Library | JRU Library | SHELF-70 B | 29/06/2016 | 185.00 | 658.5 | 11958 | Books | ||
| JRU Library | JRU Library | SHELF-76-H | 29/06/2016 | 185.00 | 658.5 | 11959 | Books | |||
| MANAGEMENT | JRU Library | JRU Library | SHELF-76-J | 29/06/2016 | 185.00 | 658.5 | 11960 | Books | ||
| MANAGEMENT | JRU Library | JRU Library | SHELF-76-H | 29/06/2016 | 185.00 | 658.5 | 11961 | Books | ||
| JRU Library | SHELF-76-I | 29/06/2016 | 185.00 | 658.5 | 11962 | Books | ||||
| MANAGEMENT | JRU Library | JRU Library | SHELF-70 C | 29/06/2016 | 185.00 | 658.5 | 11963 | Books | ||
| MANAGEMENT | JRU Library | JRU Library | SHELF-70 C | 29/06/2016 | 185.00 | 658.5 | 11964 | Books | ||
| MANAGEMENT | JRU Library | JRU Library | SHELF-70 B | 29/06/2016 | 185.00 | 658.5 | 11965 | Books |